|
|
|
|
| LEADER |
00000nam a2200000Ia 4500 |
| 001 |
17879, 17687, 19436, 21687, 22940, 23216, 24031, 25998, 26001 |
| 008 |
160829s2005 - xx 000 0 cat d |
| 017 |
|
|
|a DL B 16678-2016
|
| 017 |
|
|
|a DL B 14344-2019
|
| 017 |
|
|
|a DL B 13524-2018
|
| 080 |
|
|
|a FU-2-40, FU-15-7, FU-6-31, FU-43-13, FU-56-77, FU-59-61, FU-64-7
|
| 080 |
|
|
|a FU-71-16
|
| 080 |
|
|
|a FU-71-19
|
| 080 |
|
|
|a FU-71-27
|
| 245 |
|
|
|a Anem al teatre :
|b el Bages, el Berguedà i el Moianès :
|b educació infantil, primària i secundària :
|b l'oferta de la Diputació de Barcelona i del teu Ajuntament :
|b curs
|
| 246 |
3 |
3 |
|a Anem al teatre :
|b el Bages
|
| 246 |
3 |
3 |
|a Anem al teatre : el Bages, el Berguedà i el Moianès :
|b teatre, música i dansa per a educació infantil i primària : l'oferta de la Diputació de Barcelona i del vostre Ajuntament
|
| 250 |
|
|
|a Ed. no venal
|
| 260 |
|
|
|a Barcelona :
|b Diputació de Barcelona. Àrea de Cultura. Àrea d'Educació,
|c 2005-
|
| 300 |
|
|
|a Volums :
|b il·lustracions ;
|c 24 cm
|
| 490 |
1 |
|
|a Anem al teatre
|
| 500 |
|
|
|a Títol fins al 2016: Anem al teatre : el Bages
|
| 500 |
|
|
|a A partir de 2018: Anem al teatre : educació infantil, primària i secundària : l'oferta de la Diputació de Barcelona i del teu Ajuntament
|
| 500 |
|
|
|a A la portada: Arts escèniques i musicals
|
| 590 |
|
|
|a A la portada: Ajuntaments del Bages
|
| 590 |
|
|
|a A partir de 2016, editat per Diputació de Barcelona. Àrea de Cultura, Educació i Esports i Ajuntaments del Bages
|
| 650 |
|
0 |
|a Teatre
|z Bages (Catalunya)
|v Guies
|9 49134
|
| 650 |
|
0 |
|a Música
|z Bages (Catalunya)
|v Guies
|9 49135
|
| 650 |
|
0 |
|a Dansa
|z Bages (Catalunya)
|v Guies
|9 49136
|
| 650 |
|
0 |
|a Cultura i lleure
|z Bages (Catalunya)
|9 49137
|
| 710 |
|
|
|9 8009
|a Barcelona (Catalunya : Província).
|b Àrea d'Educació
|
| 710 |
1 |
|
|9 53536
|a Barcelona (Catalunya : Província).
|b Àrea de Cultura
|
| 710 |
1 |
|
|a Barcelona (Catalunya : Província).
|b Àrea de Cultura, Educació i Esports
|9 52666
|
| 830 |
|
0 |
|9 56316
|a Anem al teatre (Barcelona (Catalunya : Província). Diputació)
|
| 866 |
|
|
|a 2005-2006, 2006-2007, 2007-2008, 2008-2009, 2010-2011, 2011-2012, 2013-2014, 2016-17, 2018-19, 2019-20
|
| 901 |
|
|
|a Arxiu
|
| 942 |
|
|
|n 1
|2 udc
|c ARXIU
|
| 952 |
|
|
|0 0
|1 0
|4 0
|7 1
|9 55113
|a Arxiu
|b Arxiu
|d 2016-12-01
|h 2007-2008
|o FU-6-31
|p 19436
|r 2016-12-01 00:00:00
|w 2016-12-01
|y ARXIU
|
| 952 |
|
|
|0 0
|1 0
|4 0
|6 FU7116
|7 1
|9 62464
|a Arxiu
|b Arxiu
|d 2022-06-20
|h 2016-17
|l 0
|o FU-71-16
|p 25998
|r 2022-06-20 00:00:00
|w 2022-06-20
|y ARXIU
|
| 952 |
|
|
|0 0
|1 0
|4 0
|6 FU7119
|7 1
|9 62467
|a Arxiu
|b Arxiu
|d 2022-06-20
|h 2019-20
|l 0
|o FU-71-19
|p 26001
|r 2022-06-20 00:00:00
|w 2022-06-20
|y ARXIU
|
| 952 |
|
|
|0 0
|1 0
|4 0
|6 FU7127
|7 1
|9 62477
|a Arxiu
|b Arxiu
|d 2022-06-20
|h 2018-19
|l 0
|o FU-71-27
|p 26009
|r 2022-06-20 00:00:00
|w 2022-06-20
|y ARXIU
|
| 952 |
|
|
|0 0
|1 0
|4 0
|7 1
|9 65650
|a Arxiu
|b Arxiu
|d 2023-03-15
|h 2006-07
|o FU-15-7
|p 17687
|r 2023-03-15 00:00:00
|w 2023-03-15
|y ARXIU
|
| 952 |
|
|
|0 0
|1 0
|4 0
|6 FU4313
|7 1
|9 65986
|a Arxiu
|b Arxiu
|d 2023-04-05
|h 2008-09
|l 0
|o FU-43-13
|p 21687
|r 2023-04-05 00:00:00
|w 2023-04-05
|y ARXIU
|
| 952 |
|
|
|0 0
|1 0
|4 0
|6 FU5677
|7 1
|9 66091
|a Arxiu
|b Arxiu
|d 2023-04-13
|h 2010-11
|l 0
|o FU-56-77
|p 22940
|r 2023-04-13 00:00:00
|w 2023-04-13
|y ARXIU
|
| 952 |
|
|
|0 0
|1 0
|4 0
|6 FU5961
|7 1
|9 66107
|a Arxiu
|b Arxiu
|d 2023-04-13
|h 2011-12
|l 0
|o FU-59-61
|p 23216
|r 2023-04-13 00:00:00
|w 2023-04-13
|y ARXIU
|
| 952 |
|
|
|0 0
|1 0
|4 0
|6 FU647
|7 1
|9 66157
|a Arxiu
|b Arxiu
|d 2023-04-18
|h 2013-14
|l 0
|o FU-64-7
|p 24031
|r 2023-04-18 00:00:00
|w 2023-04-18
|y ARXIU
|
| 952 |
|
|
|0 0
|1 0
|4 0
|6 FU240
|7 1
|9 66208
|a Arxiu
|b Arxiu
|d 2023-04-27
|h 2005-06
|l 0
|o FU-2-40
|p 17879
|r 2023-04-27 00:00:00
|w 2023-04-27
|y ARXIU
|
| 999 |
|
|
|c 58985
|d 58985
|